Chargement en cours...

Themes and Variations /

Détails bibliographiques
Auteur principal: Huxley, Aldocus .
Format: Printed Book
Langue:English
Publié: London : Chatto & Windus , 1954.
LEADER 00533cam a2200181ua 4500
020 |c 10/sh 
041 |a eng 
082 |a 824  |b HUX/TH 
100 |a Huxley, Aldocus . 
245 |a Themes and Variations /   |c Huxley.  |h Textual Documents 
260 |a London :   |b Chatto & Windus ,   |c 1954. 
300 |a 260 ; . 
365 |a 10/sh 
504
541 |e 7016   |h 10/sh 
942 |c BK 
999 |c 39615  |d 39615 
952 |0 0  |1 0  |4 0  |6 824_000000000000000  |7 0  |9 52432  |a KAUAET  |b KAUAET  |d 2012-04-07  |m 0  |o 824  |p KAU_KCAET-7016   |r 2012-04-07  |w 2012-04-07  |y BK